Statistics for Boston Celtics 40 Point Games

Click here to take the quiz!

General Stats

  • This quiz has been taken 69 times
    (28 since last reset)
  • The average score is 14 of 24

Answer Stats

Player Max Nb % Correct
Larry Bird6047
100%
Bob Cousy463
93%
John Havlicek4312
89%
Paul Pierce5021
85%
Kevin McHale562
85%
Robert Parish401
85%
Isaiah Thomas525
85%
Antoine Walker494
81%
Kyrie Irving474
81%
Jayson Tatum412
81%
Kemba Walker442
81%
Dee Brown413
81%
Sam Jones515
67%
Jo Jo White411
59%
Bill Sharman443
48%
Tom Heinsohn458
44%
Jeff Green431
37%
Reggie Lewis421
37%
Don Nelson401
33%
Danny Ainge451
33%
Ed Macauley461
30%
Bob McAdoo421
15%
Dominique Wilkins431
7%
Todd Day411
0%

Score Distribution

Percentile by Number Answered

Percent of People with Each Score

Your Score History

You have not taken this quiz since the last reset